[Event "BEL-chT 2122"]
[Site "Belgium"]
[Date "2021.10.24"]
[Round "1.8"]
[White "Peeren, Yen"]
[Black "De Ruiter, Danny"]
[Result "0-1"]
[WhiteElo "2152"]
[BlackElo "2260"]
[PlyCount "64"]
[EventDate "2021.10.24"]
[EventType "team-tourn"]
[EventRounds "11"]
[EventCountry "BEL"]
[SourceTitle "EXT 2023"]
[Source "ChessBase"]
[SourceDate "2022.10.05"]
[SourceVersion "1"]
[SourceVersionDate "2022.10.05"]
[SourceQuality "1"]
[WhiteTeam "Oostende"]
[BlackTeam "Wachtebeke"]
[WhiteTeamCountry "BEL"]
[BlackTeamCountry "BEL"]

1. Nc3 c5 2. e4 e6 3. f4 Nc6 4. Nf3 d6 5. g3 a6 6. Bg2 g6 7. 0-0 Bg7 8. h3 Nge7 9. Kh2 b5 10. Ne2 0-0 11. c3 Bb7 12. d3 Rc8 13. Be3 Qd7 14. Qd2 b4 15. g4 f5 16. exf5 exf5 17. g5 Rfe8 18. d4 bxc3 19. bxc3 Na5 20. Bg1 Nc4 21. Qd3 cxd4 22. Nfxd4 Bxg2 23. Kxg2 Nd5 24. Rf3 Re4 25. Ng3 Nxf4+ 26. Rxf4 Rxf4 27. Re1 Qb7+ 28. Kh2 Ne5 29. Qe3 Rxd4 30. cxd4 Nf3+ 31. Kg2 Nh4+ 32. Kf2 Qg2# 0-1

[Event "NED-chT Promotion Liga 1"]
[Site "Netherlands"]
[Date "2021.06.12"]
[Round "1.1"]
[White "Oudshoorn, Arres"]
[Black "De Ruiter, Danny"]
[Result "0-1"]
[WhiteElo "2155"]
[BlackElo "2247"]
[PlyCount "74"]
[EventDate "2021.06.12"]
[EventType "team-k.o."]
[EventRounds "2"]
[EventCountry "NED"]
[SourceTitle "EXT 2024"]
[Source "ChessBase"]
[SourceDate "2023.10.10"]
[SourceVersion "1"]
[SourceVersionDate "2023.10.10"]
[SourceQuality "1"]
[WhiteTeam "Leiden Philidor"]
[BlackTeam "De Waagtoren"]
[WhiteTeamCountry "NED"]
[BlackTeamCountry "NED"]

1. e4 c5 2. Nf3 e6 3. d4 cxd4 4. Nxd4 Nc6 5. Be3 Nf6 6. Nc3 Bb4 7. Nxc6 bxc6 8. Bd3 d5 9. Bd2 0-0 10. e5 Nd7 11. Qg4 Qe7 12. f4 Nc5 13. Qh3 Nxd3+ 14. Qxd3 a5 15. a3 Ba6 16. Qg3 Bc5 17. Na4 Bd4 18. 0-0-0 Be2 19. Rde1 Bb5 20. Nc3 Bc4 21. f5 f6 22. exf6 Qxf6 23. fxe6 Bf2 24. Qd6 Bxe1 25. Rxe1 Rfe8 26. Na4 d4 27. Nc5 Bd5 28. b4 d3 29. Qe5 Qxe5 30. Rxe5 axb4 31. Bxb4 dxc2 32. g4 Bf3 33. g5 Rad8 34. Kxc2 Rd5 35. Re3 Bg4 36. h4 Bxe6 37. Nxe6 Kf7 0-1

[Event "Wachtebeke-A"]
[Site "Wachtebeke"]
[Date "2020.02.25"]
[Round "6"]
[White "De Ruiter, Danny"]
[Black "Blom, Vincent"]
[Result "1/2-1/2"]
[WhiteElo "2265"]
[BlackElo "2308"]
[PlyCount "29"]
[EventDate "2020.02.22"]
[EventType "tourn"]
[EventRounds "9"]
[EventCountry "BEL"]
[EventCategory "3"]
[SourceTitle "CBM 195 Extra"]
[Source "ChessBase"]
[SourceDate "2020.05.31"]
[SourceVersion "1"]
[SourceVersionDate "2020.05.31"]
[SourceQuality "1"]

1. e4 e5 2. Nf3 Nc6 3. Bb5 Nf6 4. 0-0 d6 5. Re1 a6 6. Ba4 b5 7. Bb3 Be7 8. h3 0-0 9. c3 Bb7 10. d4 Re8 11. Ng5 Rf8 12. Nf3 Re8 13. Ng5 Rf8 14. Nf3 Re8 15. Ng5 1/2-1/2

[Event "Wachtebeke-A"]
[Site "Wachtebeke"]
[Date "2020.02.23"]
[Round "3"]
[White "De Rover, Yong Hoon"]
[Black "De Ruiter, Danny"]
[Result "1-0"]
[WhiteElo "2370"]
[BlackElo "2265"]
[PlyCount "75"]
[EventDate "2020.02.22"]
[EventType "tourn"]
[EventRounds "9"]
[EventCountry "BEL"]
[EventCategory "3"]
[SourceTitle "CBM 195 Extra"]
[Source "ChessBase"]
[SourceDate "2020.05.31"]
[SourceVersion "1"]
[SourceVersionDate "2020.05.31"]
[SourceQuality "1"]

1. d4 d5 2. Nf3 Nf6 3. Bg5 Ne4 4. Bf4 c6 5. Nbd2 Bf5 6. e3 e6 7. Be2 Be7 8. 0-0 Nd7 9. Nxe4 Bxe4 10. Nd2 Bg6 11. c4 0-0 12. Qb3 Qb6 13. Rfc1 Bf6 14. cxd5 exd5 15. Bg4 Rfd8 16. a4 Be7 17. a5 Qxb3 18. Nxb3 Nf6 19. a6 bxa6 20. Be2 Bd6 21. Bxd6 Rxd6 22. Rxa6 Rb8 23. Rxa7 h6 24. Ra3 Rb6 25. f3 Rd8 26. Rc3 Ne8 27. Kf2 Nd6 28. Ra6 Rdb8 29. Rxb6 Rxb6 30. Ke1 Kf8 31. Kd1 Nc4 32. Kc1 Rb4 33. Bxc4 dxc4 34. Nc5 Ke7 35. Ra3 h5 36. e4 Kd6 37. Ra7 f5 38. Rd7# 1-0

[Event "Haarlem Masters"]
[Site "Haarlem"]
[Date "2019.10.21"]
[Round "3"]
[White "De Ruiter, Danny"]
[Black "Moucheroud, Jeremy"]
[Result "1/2-1/2"]
[WhiteElo "2268"]
[BlackElo "2294"]
[PlyCount "70"]
[EventDate "2019.10.19"]
[EventType "tourn"]
[EventRounds "9"]
[EventCountry "NED"]
[EventCategory "4"]
[SourceTitle "CBM 192 Extra"]
[Source "Chessbase"]
[SourceDate "2019.11.06"]
[SourceVersion "1"]
[SourceVersionDate "2019.11.06"]
[SourceQuality "1"]

1. d4 d5 2. Nf3 Nf6 3. c4 e6 4. Nc3 Be7 5. Bg5 0-0 6. e3 Nbd7 7. Rc1 h6 8. Bh4 c5 9. cxd5 Nxd5 10. Bxe7 Nxe7 11. dxc5 Nxc5 12. b4 Qxd1+ 13. Rxd1 Nd7 14. Bc4 Nb6 15. Bb3 Nc6 16. a3 Rd8 17. 0-0 Kf8 18. Rxd8+ Nxd8 19. Ne5 Ke7 20. Rd1 Nd7 21. Nc4 b6 22. Ba4 Nf8 23. Nd6 Nb7 24. Nce4 Nxd6 25. Nxd6 e5 26. Bc6 Rb8 27. Nb5 a5 28. Nc7 Be6 29. Nxe6 Nxe6 30. Rd7+ Kf6 31. Kf1 Rc8 32. b5 Rc7 33. Rd5 Rc8 34. Ke2 Rd8 35. Rxd8 Nxd8 1/2-1/2

[Event "Haarlem Masters"]
[Site "Haarlem"]
[Date "2019.10.19"]
[Round "1"]
[White "De Ruiter, Danny"]
[Black "Tondivar, Babak"]
[Result "1/2-1/2"]
[WhiteElo "2268"]
[BlackElo "2324"]
[PlyCount "60"]
[EventDate "2019.10.19"]
[EventType "tourn"]
[EventRounds "9"]
[EventCountry "NED"]
[EventCategory "4"]
[SourceTitle "CBM 192 Extra"]
[Source "Chessbase"]
[SourceDate "2019.11.06"]
[SourceVersion "1"]
[SourceVersionDate "2019.11.06"]
[SourceQuality "1"]

1. Nf3 Nf6 2. c4 e6 3. g3 d5 4. Bg2 Be7 5. d4 0-0 6. Nbd2 c6 7. Qc2 b6 8. 0-0 Bb7 9. e4 Na6 10. a3 c5 11. cxd5 exd5 12. e5 Ne4 13. Nxe4 dxe4 14. Nd2 cxd4 15. Bxe4 Bxe4 16. Qxe4 Nc5 17. Qf3 f6 18. exf6 Rxf6 19. Qd1 Qd5 20. b4 Ne6 21. f4 Raf8 22. Qb3 Qxb3 23. Nxb3 g5 24. Bb2 gxf4 25. Nxd4 fxg3 26. hxg3 Nxd4 27. Bxd4 Rd6 28. Rae1 Rxf1+ 29. Kxf1 Kf7 30. Re4 Bf6 1/2-1/2

[Event "Amsterdam Science Park op-A"]
[Site "Amsterdam"]
[Date "2019.07.09"]
[Round "4"]
[White "Floor, Dirk"]
[Black "De Ruiter, Danny"]
[Result "0-1"]
[WhiteElo "2184"]
[BlackElo "2310"]
[PlyCount "98"]
[EventDate "2019.07.06"]
[EventType "swiss"]
[EventRounds "9"]
[EventCountry "NED"]
[SourceTitle "CBM 191 Extra"]
[Source "ChessBase"]
[SourceDate "2019.09.30"]
[SourceVersion "1"]
[SourceVersionDate "2019.09.30"]
[SourceQuality "1"]

1. Nf3 Nf6 2. g3 e6 3. Bg2 d5 4. d4 c5 5. c4 dxc4 6. 0-0 Nc6 7. dxc5 Qxd1 8. Rxd1 Bxc5 9. Nbd2 c3 10. bxc3 0-0 11. Nb3 Be7 12. c4 Bd7 13. Bb2 Rfd8 14. Nfd4 Rac8 15. Nb5 Be8 16. c5 Nb4 17. Nd6 Bxd6 18. cxd6 Bc6 19. Bxf6 gxf6 20. Rd4 Nc2 21. Rg4+ Kf8 22. Rd1 Bxg2 23. Kxg2 b6 24. Rh4 Kg7 25. Ra4 a5 26. Nd4 Nb4 27. a3 Nd5 28. Nf5+ Kf8 29. Rxd5 exd5 30. Rh4 Ke8 31. Rxh7 Kd7 32. g4 Ke6 33. Rh3 Rc4 34. Re3+ Re4 35. Rg3 b5 36. h3 b4 37. axb4 axb4 38. Rb3 Rb8 39. Kg3 Kd7 40. e3 Rc4 41. Kf3 Rc3 42. Rb2 b3 43. Nd4 Kxd6 44. Ke2 Kc5 45. h4 Kc4 46. h5 Rc1 47. Kd2 Rg1 48. Nf5 Ra8 49. Nd6+ Kb4 0-1

[Event "Amsterdam Science Park op-A"]
[Site "Amsterdam"]
[Date "2019.07.07"]
[Round "2"]
[White "Cornelisse, Ticho"]
[Black "De Ruiter, Danny"]
[Result "1/2-1/2"]
[WhiteElo "2067"]
[BlackElo "2310"]
[PlyCount "98"]
[EventDate "2019.07.06"]
[EventType "swiss"]
[EventRounds "9"]
[EventCountry "NED"]
[SourceTitle "CBM 191 Extra"]
[Source "ChessBase"]
[SourceDate "2019.09.30"]
[SourceVersion "1"]
[SourceVersionDate "2019.09.30"]
[SourceQuality "1"]

1. d4 Nf6 2. g3 d5 3. c4 c6 4. Nc3 e6 5. Bg2 Be7 6. Nf3 0-0 7. 0-0 Nbd7 8. Nd2 dxc4 9. Nxc4 Nd5 10. e4 N5b6 11. Ne3 c5 12. d5 Ne5 13. Qe2 exd5 14. Nexd5 Bd6 15. Ne3 Nc6 16. Nb5 Be5 17. Rd1 Bd7 18. f4 Nd4 19. Nxd4 Bxd4 20. Kh1 Qe8 21. Rb1 Bb5 22. Qc2 g6 23. Ng4 f5 24. Ne5 Bxe5 25. fxe5 fxe4 26. Bxe4 Qxe5 27. Bf4 Qxe4+ 28. Qxe4 Bc6 29. Qxc6 bxc6 30. Rd6 Rac8 31. Rc1 c4 32. Kg1 Rf5 33. Re1 Rd5 34. Rde6 Rd7 35. R1e4 Kf7 36. Bg5 Nd5 37. R6e5 Rb8 38. Re2 Rdb7 39. Rf2+ Kg7 40. Ree2 h6 41. Bc1 Rd8 42. a3 Rdd7 43. Rc2 Nb6 44. Be3 Rd1+ 45. Rf1 Rbd7 46. Bxb6 axb6 47. Rxc4 c5 48. Rc2 Rxf1+ 49. Kxf1 Kf6 1/2-1/2

[Event "Wachtebeke-A"]
[Site "Wachtebeke"]
[Date "2019.03.04"]
[Round "5"]
[White "De Rover, Yong Hoon"]
[Black "De Ruiter, Danny"]
[Result "0-1"]
[WhiteElo "2422"]
[BlackElo "2328"]
[PlyCount "78"]
[EventDate "2019.03.02"]
[EventType "tourn"]
[EventRounds "9"]
[EventCountry "BEL"]
[EventCategory "3"]
[SourceTitle "CBM 189 Extra"]
[Source "ChessBase"]
[SourceDate "2019.06.03"]
[SourceVersion "1"]
[SourceVersionDate "2019.06.03"]
[SourceQuality "1"]

1. e4 c5 2. Nf3 e6 3. d4 cxd4 4. Nxd4 Nc6 5. Nc3 Qc7 6. Be3 a6 7. Qf3 Nf6 8. 0-0-0 Ne5 9. Qg3 b5 10. f4 Neg4 11. Bg1 h5 12. h3 h4 13. Qe1 Nh6 14. e5 b4 15. Na4 Nd5 16. Qxh4 d6 17. Qg3 Bd7 18. f5 Nxf5 19. Nxf5 Bxa4 20. b3 Rc8 21. Bc4 Nc3 22. Nxg7+ Kd7 23. Qf3 Bxg7 24. Qxf7+ Kc6 25. Rxd6+ Kb7 26. Rb6+ Ka8 27. Rxa6+ Kb8 28. Qxe6 Rh6 29. Qxh6 Bxh6+ 30. Rxh6 Ne2+ 31. Kb1 Nxg1 32. Rxg1 Qxe5 33. Ra6 Bc6 34. Rc1 Kb7 35. a3 bxa3 36. Rxa3 Rf8 37. Bd3 Bxg2 38. h4 Bc6 39. Bg6 Qd6 0-1

[Event "Hilversum op"]
[Site "Hilversum"]
[Date "2018.06.23"]
[Round "3"]
[White "De Ruiter, Danny"]
[Black "Beerdsen, Thomas"]
[Result "0-1"]
[WhiteElo "2303"]
[BlackElo "2454"]
[PlyCount "60"]
[EventDate "2018.06.22"]
[EventType "swiss"]
[EventRounds "6"]
[EventCountry "NED"]
[SourceTitle "CBM 185 Extra"]
[Source "ChessBase"]
[SourceDate "2018.07.29"]
[SourceVersion "1"]
[SourceVersionDate "2018.07.29"]
[SourceQuality "1"]

1. d4 Nf6 2. c4 e6 3. Nf3 b6 4. g3 Bb7 5. Bg2 Be7 6. 0-0 0-0 7. Nc3 Ne4 8. Bd2 f5 9. Qc2 Bf6 10. Rfd1 d6 11. Be3 Nd7 12. d5 Bxc3 13. dxe6 Ne5 14. bxc3 Nxc4 15. Qb3 d5 16. Qxc4 dxc4 17. Rxd8 Rfxd8 18. Nd4 Rd5 19. g4 g6 20. gxf5 gxf5 21. Bf3 Kg7 22. h4 Rg8 23. Kh2 Kf6 24. Bh5 f4 25. Bf7 Rg4 26. Kh3 Rg7 27. Bxf4 Rxd4 28. Be5+ Kxe5 29. cxd4+ Kxd4 30. f3 Nd6 0-1

[Event "Hilversum op"]
[Site "Hilversum"]
[Date "2018.06.22"]
[Round "1"]
[White "Pietrow, Andrzej"]
[Black "De Ruiter, Danny"]
[Result "0-1"]
[WhiteElo "2022"]
[BlackElo "2303"]
[PlyCount "90"]
[EventDate "2018.06.22"]
[EventType "swiss"]
[EventRounds "6"]
[EventCountry "NED"]
[SourceTitle "CBM 185 Extra"]
[Source "ChessBase"]
[SourceDate "2018.07.29"]
[SourceVersion "1"]
[SourceVersionDate "2018.07.29"]
[SourceQuality "1"]

1. e4 c5 2. g3 Nc6 3. Bg2 g6 4. d3 Bg7 5. f4 d6 6. Nf3 e6 7. c3 Nge7 8. 0-0 0-0 9. Be3 b6 10. Na3 Bb7 11. Re1 Qd7 12. d4 cxd4 13. Nxd4 Rfd8 14. Nxc6 Bxc6 15. Bd4 e5 16. fxe5 dxe5 17. Be3 Qe6 18. Qb3 Qd7 19. Rad1 Qe8 20. Rxd8 Rxd8 21. Rd1 Rd7 22. Rxd7 Qxd7 23. Qc2 Nc8 24. Nc4 Bb5 25. Qd2 Qc7 26. Na3 Bc6 27. Qd3 Nd6 28. Nb1 Bb5 29. Qd5 Bc6 30. Qd3 Bf8 31. c4 b5 32. cxb5 Bxb5 33. Qc3 Qd7 34. b3 Nxe4 35. Qc2 Nf6 36. Nc3 Bc6 37. Qd2 Qb7 38. Na4 Ng4 39. Bxc6 Qxc6 40. Bxa7 Qf3 41. Nb2 h5 42. Qd3 Qa8 43. Qd7 Qe4 44. Qd3 Qe1+ 45. Kg2 Qa1 0-1

[Event "Amsterdam Batavia Grolsch 8th"]
[Site "Amsterdam"]
[Date "2016.02.26"]
[Round "7"]
[White "De Ruiter, Danny"]
[Black "Nijboer, Friso"]
[Result "1/2-1/2"]
[WhiteElo "2312"]
[BlackElo "2545"]
[PlyCount "102"]
[EventDate "2016.02.19"]
[EventType "tourn"]
[EventRounds "9"]
[EventCountry "NED"]
[EventCategory "8"]
[SourceTitle "CBM 171 Extra"]
[Source "ChessBase"]
[SourceDate "2016.04.26"]
[SourceVersion "1"]
[SourceVersionDate "2016.04.26"]
[SourceQuality "1"]

1. d4 f5 2. Nc3 Nf6 3. Bg5 d5 4. Bxf6 exf6 5. e3 Be6 6. Bd3 Nc6 7. Nge2 Qd7 8. Nf4 Bf7 9. Be2 g6 10. Bf3 Ne7 11. h4 h5 12. 0-0 a6 13. a4 g5 14. Nd3 Qd6 15. a5 Bg7 16. Nc5 Rb8 17. Ra3 Ng6 18. Rb3 b5 19. axb6 Rxb6 20. Rxb6 cxb6 21. Nxa6 Nxh4 22. Bxd5 0-0 23. Bxf7+ Rxf7 24. g3 b5 25. Nc5 b4 26. Nb1 f4 27. gxh4 fxe3 28. Qf3 Qxd4 29. Qxe3 Qxh4 30. Qe4 g4 31. Ne6 f5 32. Qa8+ Kh7 33. Qh1 Qxh1+ 34. Kxh1 Bf6 35. c3 bxc3 36. bxc3 f4 37. c4 f3 38. c5 Kg6 39. Nd2 Kf5 40. Re1 Bc3 41. Rd1 Kxe6 42. Ne4 Rc7 43. Nxc3 Rxc5 44. Ne4 Rc2 45. Rd2 Rc1+ 46. Kh2 Ke5 47. Ng5 h4 48. Ra2 Kf4 49. Nh3+ gxh3 50. Ra4+ Kg5 51. Ra5+ Kg4 1/2-1/2

[Event "Amsterdam Batavia Grolsch 8th"]
[Site "Amsterdam"]
[Date "2016.02.25"]
[Round "6"]
[White "Soors, Stef"]
[Black "De Ruiter, Danny"]
[Result "1-0"]
[WhiteElo "2390"]
[BlackElo "2312"]
[PlyCount "63"]
[EventDate "2016.02.19"]
[EventType "tourn"]
[EventRounds "9"]
[EventCountry "NED"]
[EventCategory "8"]
[SourceTitle "CBM 171 Extra"]
[Source "ChessBase"]
[SourceDate "2016.04.26"]
[SourceVersion "1"]
[SourceVersionDate "2016.04.26"]
[SourceQuality "1"]

1. Nf3 Nf6 2. g3 g6 3. b3 Bg7 4. Bb2 d5 5. c4 c6 6. Qc2 Bf5 7. d3 a5 8. Nbd2 Na6 9. a3 0-0 10. Bg2 dxc4 11. bxc4 Nc5 12. 0-0 Nxd3 13. exd3 Bxd3 14. Qc3 Bxf1 15. Rxf1 a4 16. Re1 Ne8 17. Ne5 Qa5 18. Qc1 Nf6 19. h4 Rfd8 20. Ndf3 Rf8 21. Bh3 Rad8 22. Qc2 Nh5 23. Bc3 Qb6 24. Kg2 f5 25. Qxa4 Nf6 26. Ng5 Ng4 27. Qc2 Rd6 28. Bxg4 fxg4 29. Nxg4 Bxc3 30. Qxc3 Qd4 31. Nh6+ Kh8 32. Qxd4+ 1-0

[Event "Amsterdam Batavia Grolsch 8th"]
[Site "Amsterdam"]
[Date "2016.02.21"]
[Round "3"]
[White "Pijpers, Arthur"]
[Black "De Ruiter, Danny"]
[Result "1/2-1/2"]
[WhiteElo "2476"]
[BlackElo "2312"]
[PlyCount "75"]
[EventDate "2016.02.19"]
[EventType "tourn"]
[EventRounds "9"]
[EventCountry "NED"]
[EventCategory "8"]
[SourceTitle "CBM 171 Extra"]
[Source "ChessBase"]
[SourceDate "2016.04.26"]
[SourceVersion "1"]
[SourceVersionDate "2016.04.26"]
[SourceQuality "1"]

1. e4 c5 2. Nf3 e6 3. d4 cxd4 4. Nxd4 a6 5. c4 Nf6 6. Nc3 Bb4 7. Qd3 Nc6 8. Nxc6 dxc6 9. Qxd8+ Kxd8 10. e5 Nd7 11. Bf4 Bxc3+ 12. bxc3 c5 13. 0-0-0 Kc7 14. h4 b6 15. h5 Bb7 16. f3 Bc6 17. Rh4 b5 18. h6 g6 19. Re1 Rhf8 20. Bg5 f6 21. exf6 e5 22. Bd3 Rae8 23. Be4 Nxf6 24. Bxc6 Kxc6 25. cxb5+ axb5 26. a4 e4 27. Rf4 Nd5 28. Rxf8 Rxf8 29. axb5+ Kxb5 30. Rxe4 c4 31. Kb2 Rf5 32. f4 Kc5 33. g3 Rf7 34. Re6 Rb7+ 35. Kc2 Ra7 36. Kb2 Rb7+ 37. Kc2 Ra7 38. Kb2 1/2-1/2

[Event "Amsterdam Batavia Grolsch 8th"]
[Site "Amsterdam"]
[Date "2016.02.20"]
[Round "2"]
[White "De Ruiter, Danny"]
[Black "Brunello, Sabino"]
[Result "0-1"]
[WhiteElo "2312"]
[BlackElo "2562"]
[PlyCount "72"]
[EventDate "2016.02.19"]
[EventType "tourn"]
[EventRounds "9"]
[EventCountry "NED"]
[EventCategory "8"]
[SourceTitle "CBM 171 Extra"]
[Source "ChessBase"]
[SourceDate "2016.04.26"]
[SourceVersion "1"]
[SourceVersionDate "2016.04.26"]
[SourceQuality "1"]

1. d4 Nf6 2. c4 e6 3. Nf3 b6 4. g3 Bb7 5. Bg2 Be7 6. 0-0 0-0 7. Nc3 Ne4 8. Bd2 Bf6 9. Ne5 Nxc3 10. Bxc3 Bxg2 11. Kxg2 c5 12. dxc5 bxc5 13. Qd6 Be7 14. Qd3 a5 15. Rad1 Ra6 16. Qf3 Qc8 17. Kg1 d6 18. Nd3 e5 19. Qd5 Nd7 20. Ne1 Nf6 21. Qd3 e4 22. Qc2 Qe6 23. b3 Ng4 24. h3 Ne5 25. Qxe4 Qxh3 26. Nf3 Ng6 27. Rd5 Qe6 28. Qd3 a4 29. b4 cxb4 30. Bxb4 Rb6 31. Nd4 Qg4 32. Bd2 Rc8 33. Nf5 Bf8 34. Rd4 Qh3 35. Nxd6 Rxd6 36. Rxd6 Ne5 0-1

[Event "Amsterdam Batavia Grolsch blitz 8th"]
[Site "Amsterdam"]
[Date "2016.02.18"]
[Round "8"]
[White "Brunello, Sabino"]
[Black "De Ruiter, Danny"]
[Result "1-0"]
[WhiteElo "2562"]
[BlackElo "2312"]
[PlyCount "69"]
[EventDate "2016.02.18"]
[EventType "tourn (blitz)"]
[EventRounds "9"]
[EventCountry "NED"]
[EventCategory "8"]
[SourceTitle "CBM 170 Extra"]
[Source "ChessBase"]
[SourceDate "2016.02.25"]
[SourceVersion "1"]
[SourceVersionDate "2016.02.25"]
[SourceQuality "1"]

1. d4 Nf6 2. Nf3 d5 3. Bf4 Bf5 4. e3 c6 5. Bd3 Bg6 6. 0-0 e6 7. Ne5 Nbd7 8. Nxg6 hxg6 9. h3 Nb6 10. Nd2 Bd6 11. Bxd6 Qxd6 12. c4 Nbd7 13. c5 Qc7 14. f4 Rh5 15. Nf3 Ne4 16. Bxe4 dxe4 17. Ng5 Nf6 18. Qc2 0-0-0 19. Nxe4 Nd5 20. Rf3 Kb8 21. a3 f6 22. b4 e5 23. fxe5 fxe5 24. Nd6 exd4 25. exd4 Qe7 26. Qf2 Nf6 27. Re1 Qd7 28. Qg3 Ka8 29. Qxg6 Rd5 30. Rfe3 Rxd6 31. cxd6 Qxd6 32. Qxg7 Qxd4 33. Kh1 Qf4 34. Rf3 Qh4 35. Qe7 1-0

[Event "Amsterdam Batavia Grolsch blitz 8th"]
[Site "Amsterdam"]
[Date "2016.02.18"]
[Round "5"]
[White "De Ruiter, Danny"]
[Black "Nijboer, Friso"]
[Result "0-1"]
[WhiteElo "2312"]
[BlackElo "2545"]
[PlyCount "104"]
[EventDate "2016.02.18"]
[EventType "tourn (blitz)"]
[EventRounds "9"]
[EventCountry "NED"]
[EventCategory "8"]
[SourceTitle "CBM 170 Extra"]
[Source "ChessBase"]
[SourceDate "2016.02.25"]
[SourceVersion "1"]
[SourceVersionDate "2016.02.25"]
[SourceQuality "1"]

1. b3 d5 2. Nf3 f6 3. Bb2 e5 4. e3 Be6 5. c4 c6 6. Nc3 Nh6 7. Be2 Nf7 8. 0-0 Be7 9. Rc1 0-0 10. Ne1 d4 11. exd4 exd4 12. Ne4 c5 13. Nd3 Na6 14. Bf3 Rb8 15. Re1 Bd7 16. a3 b6 17. b4 f5 18. Ng3 Bf6 19. Nf4 g6 20. Bd5 Nc7 21. Bf3 Be5 22. Nd5 Ne6 23. d3 Neg5 24. Be2 f4 25. Ne4 Nxe4 26. dxe4 Nd6 27. Bg4 h5 28. Bxh5 gxh5 29. Qxh5 Nf7 30. h4 Kg7 31. g3 Rh8 32. Qf3 Rh6 33. gxf4 Qxh4 34. f5 Rh5 35. Kf1 Rg5 36. Ke2 Qh5 37. Rg1 Qxf3+ 38. Kxf3 Re8 39. Rxg5+ Nxg5+ 40. Kg4 Nxe4 41. Rg1 Kf7 42. Kf3 Bxf5 43. Rh1 Ng5+ 44. Ke2 Be4 45. f3 Bxf3+ 46. Kf2 Bxh1 47. Bc1 Bxd5 48. cxd5 c4 49. Bxg5 c3 50. Ke2 Kg6 51. Bc1 Kf5 52. Kd3 Rd8 0-1

[Event "Tata Steel-C 78th"]
[Site "Wijk aan Zee"]
[Date "2016.01.29"]
[Round "7"]
[White "De Ruiter, Danny"]
[Black "Dobrov, Vladimir"]
[Result "1-0"]
[WhiteElo "2318"]
[BlackElo "2518"]
[PlyCount "37"]
[EventDate "2016.01.22"]
[EventType "tourn"]
[EventRounds "9"]
[EventCountry "NED"]
[EventCategory "6"]
[SourceTitle "CBM 170 Extra"]
[Source "ChessBase"]
[SourceDate "2016.02.25"]
[SourceVersion "1"]
[SourceVersionDate "2016.02.25"]
[SourceQuality "1"]

1. d4 Nf6 2. c4 c6 3. Nf3 d5 4. Nc3 e6 5. g3 dxc4 6. Bg2 b5 7. 0-0 Bb7 8. e4 Be7 9. e5 Nfd7 10. Bg5 h6 11. Bxe7 Qxe7 12. Ne4 0-0 13. Nh4 Na6 14. f4 Rfd8 15. Qh5 f5 16. Ng6 Qb4 17. Nd6 Nf8 18. Ne7+ Kh7 19. Qf7 1-0

[Event "Tata Steel-C 78th"]
[Site "Wijk aan Zee"]
[Date "2016.01.25"]
[Round "4"]
[White "Hendriks, Willy"]
[Black "De Ruiter, Danny"]
[Result "1/2-1/2"]
[WhiteElo "2395"]
[BlackElo "2318"]
[PlyCount "68"]
[EventDate "2016.01.22"]
[EventType "tourn"]
[EventRounds "9"]
[EventCountry "NED"]
[EventCategory "6"]
[SourceTitle "CBM 170 Extra"]
[Source "ChessBase"]
[SourceDate "2016.02.25"]
[SourceVersion "1"]
[SourceVersionDate "2016.02.25"]
[SourceQuality "1"]

1. d4 Nf6 2. Bg5 d5 3. e3 c6 4. Bd3 Bg4 5. Ne2 Nbd7 6. h3 Bh5 7. f4 e6 8. Nd2 Be7 9. 0-0 Bg6 10. Nf3 c5 11. Ne5 Bxd3 12. cxd3 cxd4 13. Nxd4 0-0 14. Rc1 Nxe5 15. fxe5 Nd7 16. Bxe7 Qxe7 17. Nf3 Nc5 18. Rc3 b6 19. b4 Na6 20. a3 Nc7 21. Qc1 Ne8 22. Rc6 f6 23. Qc3 Rf7 24. Rc1 Rd8 25. Qd4 fxe5 26. Qxe5 Rd6 27. Rxd6 Qxd6 28. Rc8 Qd7 29. Qb8 Rf8 30. Ne5 Qd6 31. Qxd6 Nxd6 32. Rc6 Nf5 33. Rxe6 Nxe3 34. Nf3 Nc2 1/2-1/2

[Event "Amsterdam Science Park op-A"]
[Site "Amsterdam"]
[Date "2015.07.19"]
[Round "9"]
[White "De Ruiter, Danny"]
[Black "Hachijan, Armen"]
[Result "1-0"]
[WhiteElo "2305"]
[BlackElo "2338"]
[PlyCount "105"]
[EventDate "2015.07.11"]
[EventType "swiss"]
[EventRounds "9"]
[EventCountry "NED"]
[SourceTitle "CBM 167 Extra"]
[Source "ChessBase"]
[SourceDate "2015.09.14"]
[SourceVersion "1"]
[SourceVersionDate "2015.09.14"]
[SourceQuality "1"]

1. d4 Nf6 2. c4 g6 3. Nc3 Bg7 4. e4 d6 5. h3 0-0 6. Bg5 Qe8 7. Nf3 e5 8. d5 a5 9. Be2 Na6 10. 0-0 Nd7 11. Ne1 Ndc5 12. Nd3 Bd7 13. Qd2 f5 14. f3 f4 15. Nb5 Nxd3 16. Bxd3 b6 17. Bh4 g5 18. Be1 h5 19. Kf2 Qb8 20. Ke2 g4 21. hxg4 hxg4 22. Rh1 g3 23. b3 Kf7 24. Kd1 Qb7 25. a3 Rh8 26. Rg1 Nc5 27. Bc2 Rh2 28. Qe2 Bf8 29. Kc1 Be7 30. Kb2 c6 31. dxc6 Qxc6 32. Rd1 Be6 33. Bc3 a4 34. b4 Nb7 35. Rd5 Bxd5 36. exd5 Qd7 37. Qe4 Rh6 38. Re1 Bf6 39. Re2 Nd8 40. Qd3 Kf8 41. Qd1 Rc8 42. Qd3 Nf7 43. Bxa4 Rh1 44. Qg6 Ke7 45. Qc2 Rxc4 46. Nd4 Rxc3 47. Kxc3 Qc8+ 48. Bc6 Qa6 49. Kb3 Kf8 50. Nb5 Kg7 51. Nc7 Rb1+ 52. Ka2 e4 53. Nxa6 1-0

[Event "Amsterdam Science Park op-A"]
[Site "Amsterdam"]
[Date "2015.07.17"]
[Round "7"]
[White "De Ruiter, Danny"]
[Black "Berni, Fabrizio"]
[Result "1-0"]
[WhiteElo "2305"]
[BlackElo "2110"]
[PlyCount "65"]
[EventDate "2015.07.11"]
[EventType "swiss"]
[EventRounds "9"]
[EventCountry "NED"]
[SourceTitle "CBM 167 Extra"]
[Source "ChessBase"]
[SourceDate "2015.09.14"]
[SourceVersion "1"]
[SourceVersionDate "2015.09.14"]
[SourceQuality "1"]

1. d4 d5 2. c4 e6 3. Nf3 Nf6 4. g3 dxc4 5. Bg2 Bb4+ 6. Bd2 c5 7. 0-0 0-0 8. Bxb4 cxb4 9. a3 Nc6 10. axb4 Nxb4 11. Na3 b6 12. Ne5 Rb8 13. Nc2 Nxc2 14. Nc6 Nxa1 15. Nxd8 Rxd8 16. Qxa1 a6 17. Qa4 b5 18. Qa5 Rf8 19. Qc7 Bd7 20. Bb7 a5 21. g4 Rfd8 22. g5 Ne8 23. Qxa5 Nd6 24. Bf3 Rdc8 25. Qb4 Nf5 26. e3 Bc6 27. Bxc6 Rxc6 28. Ra1 Rcb6 29. Ra7 g6 30. Qc5 Nd6 31. Rd7 Ne4 32. Qe7 Rf8 33. Rd8 1-0